Logo Ligue 1 2024/25 - Statistiques

Statistiques générales
  • Ce quiz a été pris 104 fois
  • Le résultat moyen est 17 sur 18
Statistiques - réponses
Par images Réponse % Correct
AS Monaco FC
100%
FC Nantes
99%
Lille OSC
99%
Paris SG
99%
OGC Nice
98%
Olympique Lyonnais
98%
Olympique Marseillais
97%
AS Saint-Etienne
96%
RC Lens
96%
Stade Rennais
96%
Toulouse FC
94%
Montpellier Hérault SC
93%
RC Strasbourg
92%
A.J. Auxerre
91%
Angers SCO
91%
Le Havre AC
91%
Stade Brestois
90%
Stade de Reims
86%
Aucun quiz correspondant
Distribution des résultats
% des personnes avec chaque résultat
Percentile par nombre de réponses
Votre historique - résultats
Vous n’avez pas pris ce quiz